Formes des Ėtats bresiliens - Statistiques

Statistiques générales
  • Ce quiz a été pris 10 fois
  • Le résultat moyen est 21 sur 27
Statistiques - réponses
Par images Réponse % Correct
Rio de Janeiro
100%
Acre
89%
Amapá
89%
District fédéral
89%
Espírito Santo
89%
Goiás
89%
Maranhão
89%
Mato Grosso
89%
Piauí
89%
Rio Grande do Norte
89%
Sao Paulo
89%
Alagoas
78%
Amazonas
78%
Pará
78%
Paraíba
78%
Pernambouc
78%
Rio Grande do Sul
78%
Roraima
78%
Santa Catarina
78%
Tocantins
78%
Bahia
67%
Mato Grosso do Sul
67%
Minas Gerais
67%
Paraná
67%
Rondônia
67%
Sergipe
67%
Ceará
56%
Aucun quiz correspondant
Distribution des résultats
% des personnes avec chaque résultat
Percentile par nombre de réponses
Votre historique - résultats
Vous n’avez pas pris ce quiz